| 000 | 00480nam a22001937a 4500 | ||
|---|---|---|---|
| 003 | MPLRDC | ||
| 005 | 20220104154929.0 | ||
| 008 | 210129b ||||| |||| 00| 0 eng d | ||
| 020 | _a7-5306-3608-1 | ||
| 082 | _a797.8 SZH | ||
| 100 | _a盛振华主编 | ||
| 245 |
_a失落的历史 _c |
||
| 250 | _a初版 | ||
| 260 |
_a中国 _b百花文艺出版社 _c2004 |
||
| 300 | _b202 | ||
| 490 | _a探索发现系列 | ||
| 650 | _a中国古物志--遗址 | ||
| 942 |
_cBK _o797.8 SZH |
||
| 999 |
_c54230 _d54220 |
||